00409nam a2200169Ia 4500003000900000008004100009040001300050040001300063041000800076100002100084245008500105250001100190260001300201260000900214300001000223490000600233IT-RoPAU120407s9999 xx 000 0 und d aIT-RoPAU cIT-RoPAU aita aRaimondo Spiazzi aTeologia pastorale didattica. I e II: Kerigmatica e omiletica. III Catechetica.  aTorino aMarietti c1965 c25 cm v1